[Event "Poznan op 28th"]
[Site "Poznan"]
[Date "2021.08.21"]
[Round "8"]
[White "Swiatek, Mateusz"]
[Black "Nicikowski, Jozef"]
[Result "1/2-1/2"]
[WhiteElo "1501"]
[BlackElo "1372"]
[PlyCount "128"]
[EventDate "2021.08.15"]
[EventType "swiss"]
[EventRounds "9"]
[EventCountry "POL"]
[SourceTitle "CBM 203 Extra"]
[Source "ChessBase"]
[SourceDate "2021.09.30"]
[SourceVersion "1"]
[SourceVersionDate "2021.09.30"]
[SourceQuality "1"]

1. e4 d5 2. exd5 Nf6 3. Nf3 Nxd5 4. Bc4 Nb6 5. Bb3 Bg4 6. h3 Bh5 7. Ne5 Bg6 8. Qf3 e6 9. Qxb7 Qd4 10. Nxg6 hxg6 11. Qf3 Bd6 12. c3 Qe5+ 13. Kd1 0-0 14. d4 Qa5 15. Bd2 Na6 16. c4 Bb4 17. Nc3 Rad8 18. Kc2 Rxd4 19. a3 Rfd8 20. Rhd1 Be7 21. Nd5 Rxd2+ 22. Rxd2 exd5 23. Rad1 Qc5 24. Kb1 d4 25. Qe4 Bf6 26. g4 Qd6 27. Qf3 Nc5 28. g5 Nxb3 29. Qxb3 Be5 30. f4 Bxf4 31. Rxd4 Qxd4 32. Rxd4 Rxd4 33. c5 Nc4 34. Qb8+ Kh7 35. b3 Nd2+ 36. Kc2 Ne4 37. b4 Rd2+ 38. Kb3 Rd3+ 39. Kc4 Rd1 40. Qxa7 Nxg5 41. Qb7 Ne6 42. a4 Rd4+ 43. Kb3 Bd2 44. Qg2 Bxb4 45. Qg1 Bxc5 46. Qg2 Rb4+ 47. Kc3 Rxa4 48. h4 Rxh4 49. Qa8 Bd6 50. Kd3 Nc5+ 51. Ke2 f5 52. Kf2 Ne4+ 53. Kg1 Bc5+ 54. Kg2 Rg4+ 55. Kf1 Rg1+ 56. Ke2 Rg2+ 57. Ke1 Rh2 58. Kf1 Ng3+ 59. Ke1 f4 60. Kd1 Be3 61. Qf8 c5 62. Qa8 Rd2+ 63. Ke1 c4 64. Qh8+ Kxh8 1/2-1/2

[Event "Poznan op 28th"]
[Site "Poznan"]
[Date "2021.08.17"]
[Round "4"]
[White "Klapec, Adam"]
[Black "Nicikowski, Jozef"]
[Result "0-1"]
[WhiteElo "1159"]
[BlackElo "1372"]
[PlyCount "94"]
[EventDate "2021.08.15"]
[EventType "swiss"]
[EventRounds "9"]
[EventCountry "POL"]
[SourceTitle "CBM 203 Extra"]
[Source "ChessBase"]
[SourceDate "2021.09.30"]
[SourceVersion "1"]
[SourceVersionDate "2021.09.30"]
[SourceQuality "1"]

1. e4 d5 2. exd5 Nf6 3. Nf3 Nxd5 4. d4 Nc6 5. c4 Nb6 6. Nc3 Bg4 7. Be2 e6 8. b3 Bb4 9. Bb2 0-0 10. 0-0 a5 11. Nb5 Be7 12. h3 Bh5 13. Qc2 Nb4 14. Qd2 Bg6 15. Ba3 c6 16. Nc3 Bf6 17. Bxb4 axb4 18. Nd1 c5 19. Ne3 cxd4 20. Ng4 d3 21. Nxf6+ Qxf6 22. Bxd3 Rfd8 23. Qxb4 Bxd3 24. Qxb6 Bxf1 25. Rxf1 Qe7 26. a4 Ra6 27. Qb5 h6 28. c5 Rda8 29. Rd1 Ra5 30. Qd7 Qxc5 31. Qxb7 R5a7 32. Qe4 Rb8 33. Nd4 Rd7 34. Rd3 Qc1+ 35. Kh2 Qf1 36. Qf3 Rbd8 37. Rd1 Qa6 38. Nc6 Rxd1 39. Ne7+ Kh8 40. Qxf7 Qd6+ 41. f4 Rf1 42. Ng6+ Kh7 43. a5 Qc5 44. Nh4 Qg1+ 45. Kg3 Rd3+ 46. Kg4 Rxf4+ 47. Kxf4 Qd4# 0-1

[Event "Poznan op 28th"]
[Site "Poznan"]
[Date "2021.08.16"]
[Round "3"]
[White "Nicikowski, Jozef"]
[Black "Kierska, Pola"]
[Result "0-1"]
[WhiteElo "1372"]
[BlackElo "1107"]
[PlyCount "88"]
[EventDate "2021.08.15"]
[EventType "swiss"]
[EventRounds "9"]
[EventCountry "POL"]
[SourceTitle "CBM 203 Extra"]
[Source "ChessBase"]
[SourceDate "2021.09.30"]
[SourceVersion "1"]
[SourceVersionDate "2021.09.30"]
[SourceQuality "1"]

1. d4 Nf6 2. c4 e6 3. Bg5 h6 4. Bh4 g5 5. Bg3 Ne4 6. Qd3 Nxg3 7. hxg3 d5 8. c5 c6 9. Nc3 Bg7 10. Nf3 b6 11. Ne5 Bxe5 12. dxe5 bxc5 13. Qf3 Nd7 14. Qh5 Nxe5 15. 0-0-0 Qf6 16. f3 Qg6 17. Qh2 Nd7 18. e3 f5 19. g4 Qf6 20. gxf5 exf5 21. Bd3 f4 22. Qh5+ Kd8 23. e4 d4 24. Na4 Qe7 25. b3 Ne5 26. Nb2 Qf7 27. Qh2 a5 28. Qg1 Ba6 29. Bxa6 Rxa6 30. Rxd4+ cxd4 31. Qxd4+ Kc8 32. Qxe5 Re8 33. Qc5 Qe7 34. Qf5+ Qe6 35. Qh7 c5 36. Nc4 a4 37. e5 axb3 38. Nd6+ Rxd6 39. exd6 Qxd6 40. Rxh6 Re1+ 41. Kb2 Qd4+ 42. Ka3 Qb4+ 43. Kb2 Re2+ 44. Ka1 Qc3+ 0-1

[Event "Poznan op 27th"]
[Site "Poznan"]
[Date "2019.08.25"]
[Round "9"]
[White "Nicikowski, Jozef"]
[Black "Duszczak, Dariusz"]
[Result "0-1"]
[WhiteElo "1435"]
[BlackElo "1841"]
[PlyCount "58"]
[EventDate "2019.08.18"]
[EventType "swiss"]
[EventRounds "9"]
[EventCountry "POL"]
[SourceTitle "EXT 2020"]
[Source "ChessBase"]
[SourceDate "2019.10.17"]
[SourceVersion "1"]
[SourceVersionDate "2019.10.17"]
[SourceQuality "1"]

1. e4 c5 2. d3 Nc6 3. g3 Nf6 4. Bg2 d5 5. Nd2 e5 6. Ngf3 Be7 7. 0-0 0-0 8. exd5 Nxd5 9. h3 Be6 10. Re1 Qc7 11. Nc4 f6 12. a4 Rad8 13. Bd2 b6 14. Qe2 a6 15. g4 b5 16. axb5 axb5 17. Na5 Ncb4 18. Nb3 Qd7 19. Nxe5 fxe5 20. Qxe5 Nxc2 21. Qxe6+ Qxe6 22. Rxe6 Nxa1 23. Nxa1 Bh4 24. Be3 Nxe3 25. fxe3 Rxd3 26. Nc2 Rf2 27. Re5 Rxc2 28. Rf5 Rd1+ 29. Kh2 Rdd2 0-1

[Event "Poznan op 27th"]
[Site "Poznan"]
[Date "2019.08.22"]
[Round "6"]
[White "Dzwikowski, Adam"]
[Black "Nicikowski, Jozef"]
[Result "1-0"]
[WhiteElo "1963"]
[BlackElo "1435"]
[PlyCount "135"]
[EventDate "2019.08.18"]
[EventType "swiss"]
[EventRounds "9"]
[EventCountry "POL"]
[SourceTitle "EXT 2020"]
[Source "ChessBase"]
[SourceDate "2019.10.17"]
[SourceVersion "1"]
[SourceVersionDate "2019.10.17"]
[SourceQuality "1"]

1. e4 c5 2. Nc3 Nc6 3. Nf3 d6 4. d4 cxd4 5. Nxd4 a6 6. Be3 Nf6 7. f3 Bd7 8. Qd2 Rc8 9. 0-0-0 h5 10. Kb1 g6 11. f4 Bg7 12. h3 Nxd4 13. Bxd4 Bc6 14. Qe3 0-0 15. e5 dxe5 16. Bxe5 Qa5 17. Rg1 Rfd8 18. Bd3 b5 19. Be4 Nxe4 20. Bxg7 Kxg7 21. Nxe4 b4 22. Ng5 Bd7 23. b3 Qc5 24. Qxc5 Rxc5 25. Rge1 e6 26. g4 Rdc8 27. Rd2 hxg4 28. hxg4 Rh8 29. Ree2 Rcc8 30. f5 Rce8 31. fxe6 Bxe6 32. Nxe6+ Rxe6 33. Rxe6 fxe6 34. g5 Rh1+ 35. Kb2 Rg1 36. Rd7+ Kf8 37. Ra7 Rxg5 38. Rxa6 Ke7 39. a4 Rd5 40. Rb6 e5 41. Rxg6 e4 42. Rg4 Re5 43. Kc1 Kd6 44. Kd2 Kc5 45. Ke3 Kd5 46. Rg8 Kc6 47. Rc8+ Kd6 48. Rc4 Kd5 49. Rxb4 Re8 50. Rd4+ Kc5 51. Rxe4 Rh8 52. Kd3 Kb6 53. Kc3 Ka7 54. Kb4 Ka8 55. Re7 Rc8 56. c4 Rb8+ 57. Kc3 Rc8 58. b4 Rb8 59. b5 Rc8 60. Kb4 Kb8 61. a5 Ka8 62. b6 Kb8 63. a6 Rd8 64. c5 Rd4+ 65. Kb5 Rd8 66. c6 Ka8 67. Kc5 Kb8 68. c7+ 1-0

[Event "Poznan op 27th"]
[Site "Poznan"]
[Date "2019.08.18"]
[Round "1"]
[White "Poltorak, Sebastian"]
[Black "Nicikowski, Jozef"]
[Result "1-0"]
[WhiteElo "2048"]
[BlackElo "1435"]
[PlyCount "59"]
[EventDate "2019.08.18"]
[EventType "swiss"]
[EventRounds "9"]
[EventCountry "POL"]
[SourceTitle "EXT 2020"]
[Source "ChessBase"]
[SourceDate "2019.10.17"]
[SourceVersion "1"]
[SourceVersionDate "2019.10.17"]
[SourceQuality "1"]

1. d4 Nf6 2. c4 g6 3. Nc3 Bg7 4. e4 d6 5. f3 0-0 6. Nge2 e5 7. Bg5 Nbd7 8. Qd2 exd4 9. Nxd4 Re8 10. Be2 Nf8 11. 0-0-0 Ne6 12. Nxe6 Bxe6 13. e5 dxe5 14. Qxd8 Raxd8 15. Rxd8 Rxd8 16. Ne4 Nxe4 17. Bxd8 Bh6+ 18. Kc2 Nf2 19. Rf1 Bf5+ 20. Kc3 Be3 21. Bh4 Bd4+ 22. Kd2 Nh3 23. gxh3 Bxb2 24. Bd3 Bxh3 25. Rb1 Bd4 26. Rxb7 f5 27. Rxc7 Bg2 28. c5 Bxf3 29. Bc4+ Kf8 30. Bf6 1-0

[Event "Poznan op 26th"]
[Site "Poznan"]
[Date "2018.08.26"]
[Round "9"]
[White "Nicikowski, Jozef"]
[Black "Cichon, Mieczyslaw"]
[Result "1-0"]
[WhiteElo "1459"]
[BlackElo "1199"]
[PlyCount "49"]
[EventDate "2018.08.19"]
[EventType "swiss"]
[EventRounds "9"]
[EventCountry "POL"]
[SourceTitle "CBM 186 Extra"]
[Source "ChessBase"]
[SourceDate "2018.08.24"]
[SourceVersion "1"]
[SourceVersionDate "2018.08.24"]
[SourceQuality "1"]

1. e4 e5 2. d3 Nc6 3. Nd2 Nf6 4. Ngf3 d5 5. Be2 Bb4 6. c3 Bd6 7. 0-0 0-0 8. Re1 Re8 9. Qc2 b6 10. Nf1 h6 11. Ng3 Ne7 12. d4 Ng6 13. exd5 exd4 14. Nxd4 Nxd5 15. Bd2 Bb7 16. Bb5 Rxe1+ 17. Rxe1 Qf6 18. Qe4 Bxg3 19. hxg3 Rb8 20. Qe2 a6 21. Bd3 c5 22. Nf5 Qc6 23. Qf3 Qd7 24. Qe2 Re8 25. Qxe8+ 1-0

[Event "Poznan op 26th"]
[Site "Poznan"]
[Date "2018.08.19"]
[Round "1"]
[White "Nicikowski, Jozef"]
[Black "Leskiewicz, Ignacy"]
[Result "0-1"]
[WhiteElo "1459"]
[BlackElo "1964"]
[PlyCount "40"]
[EventDate "2018.08.19"]
[EventType "swiss"]
[EventRounds "9"]
[EventCountry "POL"]
[SourceTitle "CBM 186 Extra"]
[Source "ChessBase"]
[SourceDate "2018.08.24"]
[SourceVersion "1"]
[SourceVersionDate "2018.08.24"]
[SourceQuality "1"]

1. e4 c5 2. d3 g6 3. Nf3 Bg7 4. g3 Nc6 5. Bg2 Nf6 6. 0-0 d5 7. Nbd2 0-0 8. Re1 e5 9. exd5 Nxd5 10. Ne4 b6 11. h4 Bg4 12. c3 Qd7 13. Qc2 Rae8 14. Nh2 Bh3 15. Bh1 h6 16. Qe2 f5 17. c4 Nd4 18. Qd1 Nb4 19. a3 Nbc2 20. Nc3 Nxe1 0-1

[Event "Poznan op 25th"]
[Site "Poznan"]
[Date "2017.08.21"]
[Round "3"]
[White "Nicikowski, Jozef"]
[Black "Pawlowski, Rafal"]
[Result "0-1"]
[WhiteElo "1490"]
[BlackElo "1752"]
[PlyCount "57"]
[EventDate "2017.08.20"]
[EventType "swiss"]
[EventRounds "9"]
[EventCountry "POL"]
[SourceTitle "CBM 180 Extra"]
[Source "ChessBase"]
[SourceDate "2017.10.06"]
[SourceVersion "1"]
[SourceVersionDate "2017.10.06"]
[SourceQuality "1"]

1. e4 c6 2. d3 d5 3. Nd2 e5 4. g3 Nf6 5. Bg2 Bd6 6. Ngf3 Bg4 7. Qe2 Nbd7 8. 0-0 0-0 9. Re1 Re8 10. Nf1 h6 11. Ne3 Bc5 12. h3 Be6 13. Nh4 g6 14. Kh2 Qc7 15. Ng4 Nxg4+ 16. hxg4 Nf6 17. f3 Kg7 18. g5 hxg5 19. Bxg5 Rh8 20. exd5 Nxd5 21. c4 Nb6 22. Be3 Be7 23. Kg1 g5 24. Bxb6 axb6 25. Nf5+ Bxf5 26. Qxe5+ Qxe5 27. Rxe5 Bc5+ 28. Kf1 Bxd3+ 29. Ke1 0-1

[Event "Poznan op 22nd"]
[Site "Poznan"]
[Date "2014.08.15"]
[Round "8"]
[White "Wydornik, Robert"]
[Black "Nicikowski, Jozef"]
[Result "1-0"]
[WhiteElo "1521"]
[BlackElo "1459"]
[PlyCount "123"]
[EventDate "2014.08.09"]
[EventType "swiss"]
[EventRounds "9"]
[EventCountry "POL"]
[SourceTitle "CBM 161 Extra"]
[Source "ChessBase"]
[SourceDate "2014.08.29"]
[SourceVersion "1"]
[SourceVersionDate "2014.08.29"]
[SourceQuality "1"]

1. e4 c6 2. Nc3 d5 3. Nf3 dxe4 4. Nxe4 Bf5 5. Ng3 Bg6 6. Ne5 e6 7. Nxg6 hxg6 8. d4 Bd6 9. Be3 Nf6 10. Be2 Qc7 11. Nf1 Nbd7 12. Qd3 Nd5 13. Bd2 0-0-0 14. 0-0-0 Rde8 15. g3 e5 16. dxe5 Bxe5 17. Ne3 Nc5 18. Qa3 Bd4 19. Nxd5 cxd5 20. Bf4 Be5 21. Be3 d4 22. Bxd4 Bxd4 23. Rxd4 Rxe2 24. Rc4 Kb8 25. Rxc5 Qe7 26. Qb4 Rh5 27. Qf4+ Rhe5 28. Rxe5 Qxe5 29. Qxe5+ Rxe5 30. Kd2 Kc7 31. Re1 Rf5 32. f4 Kd6 33. Re8 g5 34. Re4 Rd5+ 35. Kc3 Rc5+ 36. Kd3 b5 37. b3 g4 38. c4 b4 39. Re8 Rh5 40. Re2 a5 41. Kd4 f6 42. Rc2 Kc6 43. c5 Rd5+ 44. Ke4 f5+ 45. Ke3 Rxc5 46. Rd2 Rc1 47. Kd4 Re1 48. Rc2+ Kd6 49. Kc4 Rd1 50. Kb5 Rd5+ 51. Kb6 Rd3 52. Kxa5 Rc3 53. Re2 Rd3 54. Kxb4 Rd5 55. a4 Rd4+ 56. Kc3 Rd5 57. Rd2 Rxd2 58. Kxd2 g5 59. fxg5 Ke5 60. g6 Kf6 61. g7 Kxg7 62. a5 1-0